| 000 | 00446nam a22001817a 4500 | ||
|---|---|---|---|
| 003 | MPLRDC | ||
| 005 | 20220104174930.0 | ||
| 008 | 210129b ||||| |||| 00| 0 eng d | ||
| 020 | _a967-67-0969-7 | ||
| 082 | _a524.943 IDR 1990 | ||
| 100 | _aZAMANI IDRIS | ||
| 245 |
_aKARANGAN ULANGKAJI PEPERIKSAAN SPM _c |
||
| 250 | _a第一版 | ||
| 260 |
_a _bPUSTAKA DELTA PELAJA _c1990 |
||
| 300 | _b平 | ||
| 650 | _a | ||
| 942 |
_cBK _o524.943 IDR 1990 |
||
| 999 |
_c60112 _d60102 |
||